000 00616nam a2200217Ia 4500
005 20241129111442.0
008 241129s9999||||xx |||||||||||||| ||und||
020 _a978-93-90682-26-3
037 _aTB
040 _aCRL
_beng
_cCRL
041 _aurd
_2urd
084 _aO168,1N54x R2
_qCRL
100 _aShaad Khushbir Singh Au.
_9177714
245 0 _aJin rangon mein socha khud ko
_cShaad Khushbir Singh Au.
260 _aDelhi, India
_bArshia Publications
_c2022
300 _a159p.
365 _aINR
_b250
650 _aUrdu Poetry
942 _cTB
_hO168,1N54x R2
999 _c1230530
_d1230530